Statistics for Frozen Characters

Click here to take the quiz!

General Stats

  • This quiz has been taken 1,899 times
    (742 since last reset)
  • The average score is 7 of 8

Answer Stats

Hint Answer % Correct
Adorable SnowmanOlaf
99%
Younger princessAnna
99%
Older PrincessElsa
99%
ReindeerSven
92%
Gets engaged to the younger princessPrince Hans
90%
Has a reindeerKristoff
89%
They sing Fixer UpperTrolls
80%
DukeDuke of Weselton
44%

Score Distribution

Percentile by Number Answered

Percent of People with Each Score

Your Score History

You have not taken this quiz since the last reset